| 000 -УДИРДЛАГА |
| Удирдлага |
02586nam a22005297a 4500 |
| 003 - ХЯНАЛТЫН ТОО ТОДОРХОЙЛОГЧ |
| Код |
MN-UlNUM |
| 005 - БИЧИЛТ ХИЙСЭН ОГНОО |
| Тухайн бичилтийг бичсэн засварласан сүүлийн огноо |
20260414123312.0 |
| 008 - ЕРӨНХИЙ МЭДЭЭЛЭЛ |
| Ерөнхий мэдээлэл |
260330s2025 engdo||| |||| 00| | eng d |
| 040 ## - БИЧЛЭГ ҮҮСГЭГЧ БАЙГУУЛЛАГА |
| Бичлэг үүсгэгч номын сан |
МУИС-ийн номын сан |
| 084 ## - ББК АНГИЛАЛ |
| Нэмэлт тусгалт |
Нэг сэдэвт бүтээл |
| ББК ангилал |
26.82 |
| Зохиогчийн гурван тэмдэгт |
M 95 |
| Мэдлэгийн ялгаа |
2 - Байгалийн шинжлэл |
| 100 0# - ДОКТОРЫН ЗЭРЭГ ГОРИЛОГЧ |
| Доктор |
Muqier |
| 110 ## - СУРГУУЛЬ / ТЭНХИМ |
| Сургууль |
МУИС. ШУС. БУС |
| Тэнхим |
Газарзүйн тэнхим |
| 245 10 - ҮНДСЭН ГАРЧИГ |
| Докторын бүтээлийн сэдэв |
Remote sensing-based estimation of vegetation phenology and biomass in mongolian grassland |
| Бага гарчгийн мэдээ |
Thesis for the degree of Doctor of Geography: |
| Удирдагч |
Д-р (Ph.D), проф. В. Батцэнгэл |
| -- |
Д-р (Ph.D) М. Уртнасан |
| Шүүмжлэгч |
Д-р (Ph.D), дэд проф. В. Гүндэгмаа |
| -- |
Д-р (Ph.D) Б. Батбилэг |
| Мэргэжлийн индекс |
F05320201 |
| 246 11 - ЗЭРЭГЦЭЭ ГАРЧИГ |
| Зэрэгцээ гарчиг |
Зайнаас тандан судлалын аргаар Монгол орны хээрийн ургамлын фенологи болон биомассыг тооцох судалгаа |
| 260 ## - ГАРАЛТЫН МЭДЭЭ |
| Хэвлэгдсэн газар |
УБ |
| Хэвлэгдсэн он |
2025 |
| 300 ## - МАТЕРИАЛЫН ТОДОРХОЙЛОЛТ |
| хуудасны тоо |
136 |
| 500 ## - Тайлбар |
| Дансны дугаар |
ЭШФ Дисс 997, Цахим Дисс 1059 |
| 546 ## - ХЭЛНИЙ ТУХАЙ МЭДЭЭ |
| Хэл |
Англи хэл дээр, |
| 653 ## - Түлхүүр үг |
| Түлхүүр үг |
natural science |
| 653 ## - Түлхүүр үг |
| Түлхүүр үг |
geography |
| 653 ## - Түлхүүр үг |
| Түлхүүр үг |
remote sensing |
| 653 ## - Түлхүүр үг |
| Түлхүүр үг |
dissertation |
| 740 ## - ГАРЧИГ |
| Гарчиг |
Main concepts and methods |
| 740 ## - ГАРЧИГ |
| Гарчиг |
Literature Review |
| 740 ## - ГАРЧИГ |
| Гарчиг |
Study Area |
| 740 ## - ГАРЧИГ |
| Гарчиг |
Data Sources and Preprocessing |
| 740 ## - ГАРЧИГ |
| Гарчиг |
Expected Methods |
| 740 ## - ГАРЧИГ |
| Гарчиг |
Spatial and temporal characteristics of grassland vegetation phenology |
| 740 ## - ГАРЧИГ |
| Гарчиг |
Spatial Distributions of Grassland Phenology |
| 740 ## - ГАРЧИГ |
| Гарчиг |
Spatiotemporal characteristics of extreme |
| 740 ## - ГАРЧИГ |
| Гарчиг |
Climate indices on mongolian grassland from 2001 to 2023 |
| 740 ## - ГАРЧИГ |
| Гарчиг |
Spatial Distributions of Extreme Temperature Indices |
| 740 ## - ГАРЧИГ |
| Гарчиг |
Temporal Variation Characteristics of Extreme Temperature Indices |
| 740 ## - ГАРЧИГ |
| Гарчиг |
Spatial Distributions of Extreme Precipitation Indices |
| 740 ## - ГАРЧИГ |
| Гарчиг |
Temporal Variation Characteristics of Extreme Precipitation Indices |
| 740 ## - ГАРЧИГ |
| Гарчиг |
Impact of extreme climate on grassland phenology in Mongolia |
| 740 ## - ГАРЧИГ |
| Гарчиг |
Impact of Extreme Climate on the Start of Growing Season (SOS) |
| 740 ## - ГАРЧИГ |
| Гарчиг |
Impact of Extreme Climate on the Growing Season Length (LOS) |
| 740 ## - ГАРЧИГ |
| Гарчиг |
Influence of mongolian grassland phenological dynamics on aboveground biomass |
| 740 ## - ГАРЧИГ |
| Гарчиг |
Spatiotemporal Variations of Grassland AGB |
| 740 ## - ГАРЧИГ |
| Гарчиг |
The Responses of AGB to Climate Factors |
| 740 ## - ГАРЧИГ |
| Гарчиг |
Relationship Between Grassland AGB and Phenological Indicators |
| 740 ## - ГАРЧИГ |
| Гарчиг |
Quantifying the Contribution of Driving Factors to the Dynamics of Grassland AGB |
| 740 ## - ГАРЧИГ |
| Гарчиг |
Relative Contributions of Phenological Indicators to Grassland AGB |
| 942 ## - ЭЛЕМЕНТИЙН ТӨРӨЛ |
| Зүйлийн төрөл |
Диссертаци |